Vertical price control and parallel imports: theory and evidence (Record no. 284935)

000 -LEADER
fixed length control field 00413cam a22001217a 4500
008 - FIXED-LENGTH DATA ELEMENTS--GENERAL INFORMATION
fixed length control field 180718b2000 xxu||||| |||| 00| 0 eng d
100 ## - MAIN ENTRY--PERSONAL NAME
Personal name Maskusm Keith E.
245 ## - TITLE STATEMENT
Title Vertical price control and parallel imports: theory and evidence
Statement of responsibility, etc. by Keith E. Maskus and Yongmin Chen
260 ## - PUBLICATION, DISTRIBUTION, ETC.
Place of publication, distribution, etc. Washington, D.C.
Name of publisher, distributor, etc. World Bank
Date of publication, distribution, etc. 2000
300 ## - PHYSICAL DESCRIPTION
Extent 40p.
440 ## - SERIES STATEMENT/ADDED ENTRY--TITLE
Title Policy research working paper 2461
700 ## - ADDED ENTRY--PERSONAL NAME
Personal name Chen, Yongmin
Holdings
Withdrawn status Lost status Damaged status Not for loan Permanent Location Current Location Date acquired Barcode Date last seen Price effective from Koha item type
        Indian Institute of Public Administration Indian Institute of Public Administration 2001-06-12 WB8780 2018-07-20 2018-07-20 WB

Powered by Koha